Atletismo : (Registro nro. 11044)

Detalles MARC
000 -LEADER
campo de control de longitud fija 02570cam a22004694i 4500
003 - IDENTIFICADOR DE NÚMERO DE CONTROL
campo de control PE-LiUPU
005 - FECHA Y HORA DE LA ÚLTIMA TRANSACCIÓN
campo de control 20250731183350.0
008 - DATOS DE LONGITUD FIJA--INFORMACIÓN GENERAL
campo de control de longitud fija 111124s2013 ck r 000 0 spa d
020 ## - NÚMERO INTERNACIONAL ESTÁNDAR DEL LIBRO
Número Internacional Estándar del Libro 8128695533
020 ## - NÚMERO INTERNACIONAL ESTÁNDAR DEL LIBRO
Número Internacional Estándar del Libro 8782788695532
035 ## - NÚMERO DE CONTROL DEL SISTEMA
Número de control de sistema (Sirsi) i9788128695537
040 ## - FUENTE DE CATALOGACIÓN
Centro catalogador/agencia de origen ESUPS
Lengua de catalogación spa
Centro/agencia transcriptor ESUPS
Centro/agencia modificador PE-LiUPU
Normas de descripción rda
082 04 - NÚMERO DE LA CLASIFICACIÓN DECIMAL DEWEY
Número de clasificación 796.42
Cutter J24
Número de edición 20
100 1# - ENTRADA PRINCIPAL--NOMBRE DE PERSONA
Nombre de persona Jaramillo Rodríguez, Clareth Antonio,
Término indicativo de función/relación autor.
245 10 - MENCIÓN DEL TÍTULO
Título Atletismo :
Resto del título selección, entrenamiento y planificación /
Mención de responsabilidad, etc. Clareth A. Jaramillo Rodríguez.
250 ## - MENCION DE EDICION
Mención de edición Segunda edición: 2013.
264 ## - PRODUCCIÓN, PUBLICACIÓN, DISTRIBUCIÓN, FABRICACIÓN Y COPYRIGHT
Producción, publicación, distribución, fabricación y copyright Colombia :
Nombre del de productor, editor, distribuidor, fabricante Kinesis,
Fecha de producción, publicación, distribución, fabricación o copyright 2013.
300 ## - DESCRIPCIÓN FÍSICA
Extensión 295 páginas :
Otras características físicas ilustraciones ;
Dimensiones 24 centímetros.
336 ## - TIPO DE CONTENIDO
Término de tipo de contenido text
Fuente rdacontent
337 ## - TIPO DE MEDIO
Nombre/término del tipo de medio unmediated
Fuente rdamedia
338 ## - TIPO DE SOPORTE
Nombre/término del tipo de soporte volume
Fuente rdacarrier
490 0# - MENCIÓN DE SERIE
Mención de serie Rendimiento deportivo.
504 ## - NOTA DE BIBLIOGRAFÍA, ETC.
Nota de bibliografía, etc. Bibliografía : páginas 293-294.
505 0# - NOTA DE CONTENIDO CON FORMATO
Nota de contenido con formato Aspectos generales -- Apespectos generales de selección y entrenamiento de las pruebas de velocidad (100 - 200 y 400 metros) -- Aspectos generales de selección y entrenamiento de las pruebas con vallas (100-110 y 400 metros) -- Aspectos generales de selección y entrenamiento de las pruebas de medio fondo, fondo y maratón -- Aspectos generales de selección y entrenamiento de la marcha atlética -- Aspectos generales de selección y entrenamiento de los saltos -- Aspectos generales de selección y entrenamiento de las pruebas combinadas -- Aspectos generales de planinficación del entrenamiento.
526 ## - NOTA DE INFORMACIÓN SOBRE EL PROGRAMA DE ESTUDIO
Nombre del programa Maestría Bim Facility Management (A distancia)
526 ## - NOTA DE INFORMACIÓN SOBRE EL PROGRAMA DE ESTUDIO
Nombre del programa
526 ## - NOTA DE INFORMACIÓN SOBRE EL PROGRAMA DE ESTUDIO
Nombre del programa Educación musical y artes
526 ## - NOTA DE INFORMACIÓN SOBRE EL PROGRAMA DE ESTUDIO
Nombre del programa Educación, especialidad educación física
526 ## - NOTA DE INFORMACIÓN SOBRE EL PROGRAMA DE ESTUDIO
Nombre del programa Arquitectura
541 ## - NOTA DE FUENTE DE ADQUISICIÓN DIRECTA
-- 001-003166;
541 ## - NOTA DE FUENTE DE ADQUISICIÓN DIRECTA
-- 001-003492;
596 ## -
-- 1
650 14 - PUNTO DE ACCESO ADICIONAL DE MATERIA--TÉRMINO DE MATERIA
Término de materia o nombre geográfico como elemento de entrada Atletismo
Subdivisión general Entrenamiento.
650 24 - PUNTO DE ACCESO ADICIONAL DE MATERIA--TÉRMINO DE MATERIA
Término de materia o nombre geográfico como elemento de entrada Entrenamiento (Deportes)
910 ## - DATOS DE OPCIÓN DEL USUARIO (OCLC)
Datos de opción del usuario jck
-- ebj
-- ebj
-- 20160711
942 ## - ELEMENTOS DE ENTRADA SECUNDARIOS (KOHA)
Fuente del sistema de clasificación o colocación Clasificación Decimal Dewey
Tipo de ítem Koha
949 ## - PROCESAMIENTO DE INFORMACIÓN LOCAL (OCLC)
a 796.42 J24
w DEWEY
c 1
i 73875
l CCODEBUL1
m BUL
p 17.07
r 0
s Y
t BOOK
u 2016-7-11
x EDUCACION
-- P20
0 COMPRA
o .STAFF. Colección General
994 ## -
-- C0
-- PEPRU
999 ## - NÚMEROS DE CONTROL DE SISTEMA (KOHA)
-- DEWEY
-- 73875
-- 2021-11-9
-- 5
-- CCODEBUL1
-- BUL
-- 17.07
-- 2
-- 0
-- Y
-- BOOK
-- 2016-7-11
-- EDUCACION
-- P20
-- COMPRA
-- .STAFF. Colección General
999 ## - NÚMEROS DE CONTROL DE SISTEMA (KOHA)
-- DEWEY
-- 77889
-- 2021-11-9
-- 4
-- CCODEBUL1
-- BUL
-- 29.53
-- 1
-- 0
-- Y
-- BOOK
-- 2018-1-11
-- EDUCACION
-- P12
-- COMPRA
999 ## - NÚMEROS DE CONTROL DE SISTEMA (KOHA)
-- DEWEY
-- 77890
-- 2021-11-9
-- 4
-- CCODEBUL1
-- BUL
-- 29.53
-- 0
-- Y
-- BOOK
-- 2018-1-11
-- EDUCACION
-- P12
-- COMPRA
980 ## - EQUIVALENCIA O REFERENCIA-CRUZADA-MENCIÓN DE SERIE--NOMBRE DE PERSONA/TÍTULO [LOCAL, CANADÁ]
ID del último usuario que modificó el registro 1
Nombre del último usuario que modificó el registro ALBERTO SANCHEZ Responsable de Automatización
Existencias
Visto por última vez Número de inventario Total de préstamos Signatura topográfica completa Código de barras Copia número Coste, precio de reemplazo Fecha de reemplazo Facultad Tipo de ítem Koha Nota pública Estado de pérdida Fuente del sistema de clasificación o colocación Restricciones de uso No para préstamo Colección Programa académico Biblioteca de origen Biblioteca actual Ubicación en estantería Fecha de adquisición Fuente de adquisición Coste, precio normal de compra
2025-12-03 6   796.42 J24 73875 e1 22.07 2016-07-11 FACIHED Libros físicos inventario-2023-12-13 No Perdido Clasificación Decimal Dewey No restringido Disponible para préstamos Colección General Educación primaria Biblioteca CRAI UPeU Lima Biblioteca CRAI UPeU Lima Sala principal 2016-07-11 COMPRA 17.07
2025-12-03 5   796.42 J24 77889 e2 34.53 2018-01-11 FACIHED Libros físicos inventario-2023-12-13 No Perdido Clasificación Decimal Dewey No restringido Disponible para préstamos Colección General Educación primaria Biblioteca CRAI UPeU Lima Biblioteca CRAI UPeU Lima Sala principal 2018-01-11 COMPRA 29.53
2025-12-03 5   796.42 J24 77890 e3 34.53 2018-01-11 FACIHED Libros físicos inventario-2023-12-13 No Perdido Clasificación Decimal Dewey No restringido Disponible para préstamos Colección General Educación primaria Biblioteca CRAI UPeU Lima Biblioteca CRAI UPeU Lima Sala principal 2018-01-11 COMPRA 29.53